[Event "Sparkassen-Open A"]
[Site "Heusenstamm, Martinsee"]
[Date "2021.11.20"]
[Round "5.14"]
[White "Lohr, Matthias"]
[Black "Kersten, Uwe"]
[Result "1/2-1/2"]
[WhiteElo "2063"]
[BlackElo "2254"]
[PlyCount "128"]
[EventDate "2021.??.??"]
[WhiteTeam "TSV Schott Mainz"]
[BlackTeam "Sfr. Bad Emstal/Wolfhagen"]

{[%evp 0,102,19,29,23,13,56,27,34,14,40,17,15,15,30,15,35,24,41,41,35,31,61,31,
53,49,85,73,80,14,67,69,106,42,108,52,81,70,81,57,85,42,35,0,0,0,0,0,-23,-56,
-7,-44,-39,-28,-32,-86,-104,-133,-142,-116,-111,-111,-99,-99,-81,-155,-150,
-167,-208,-192,26,-31,0,0,0,0,-5,-17,23,23,11,11,23,11,11,11,11,4,17,11,17,17,
11,11,11,11,11,0,13,11,11,11,11,13,11]} 1. Nf3 Nf6 {[%emt 0:00:03]} 2. d4 c5 3.
e3 e6 4. c4 cxd4 5. exd4 d5 6. Nc3 Bb4 7. cxd5 Nxd5 8. Bd2 O-O {[%emt 0:00:04]}
9. Bd3 Nf6 10. O-O b6 11. a3 Bxc3 12. bxc3 Nbd7 13. Re1 Bb7 14. a4 Qc7 {
[%emt 0:00:03]} 15. a5 Bd5 16. Ne5 Rac8 17. Re3 Rfd8 18. axb6 axb6 19. f4 Ra8
20. Rc1 Qb7 21. Qe2 Ra2 {[%emt 0:00:04]} 22. Rc2 Rxc2 23. Bxc2 b5 24. Bd3 Ra8
25. h3 Ra2 26. Nxd7 Nxd7 27. Rg3 Nf6 28. Kh2 Be4 {[%emt 0:00:50]} 29. Rg5 Bxd3
30. Qxd3 h6 31. Re5 Nd5 32. Re2 Qc6 33. f5 Qc4 34. Qf3 Qc7+ 35. Kg1 Ra1+ 36.
Re1 Rxe1+ 37. Bxe1 Qd7 38. fxe6 fxe6 39. Bd2 Qc6 40. Qg3 Kh7 41. Qd3+ Kg8 42.
Qg3 Kh8 43. Qf3 Qe8 44. Qe2 Nb6 45. Bf4 Nd5 46. Bd2 Kg8 47. Kh2 Qc6 48. Qf3 Ne7
49. Qe2 Nf5 {[%emt 0:00:12]} 50. Be1 {[%emt 0:00:50]} Kf7 {[%emt 0:01:07]} 51.
Qd3 {[%emt 0:02:01]} Qc4 {[%emt 0:00:29]} 52. Qf3 {[%emt 0:00:27]} Qd5 {
[%emt 0:00:30]} 53. Qd3 {[%emt 0:00:18]} Nd6 {[%emt 0:02:19]} 54. Bg3 {[%emt 0:
00:38]} Qf5 {[%emt 0:01:39]} 55. Qe3 {[%emt 0:01:22]} Nc4 {[%emt 0:00:37]} 56.
Qe2 {[%emt 0:00:10]} Ke8 {[%emt 0:00:49]} 57. Be5 {[%emt 0:01:41]} g6 {[%emt 0:
01:04]} 58. Bg3 {[%emt 0:00:27]} h5 {[%emt 0:01:07]} 59. Qa2 {[%emt 0:02:45]}
Qd5 {[%emt 0:00:34]} 60. Qa7 {[%emt 0:00:39]} Ne3 {[%emt 0:01:52]} 61. Qb8+ {
[%emt 0:00:16]} Ke7 {[%emt 0:01:05]} 62. Qc7+ {[%emt 0:00:27]} Ke8 {[%emt 0:00:
21]} 63. Qb8+ Ke7 {[%emt 0:00:23]} 64. Qc7+ {[%emt 0:00:16]} Ke8 1/2-1/2

[Event "Sparkassen-Open A"]
[Site "Heusenstamm, Martinsee"]
[Date "2021.11.20"]
[Round "5.15"]
[White "Neukirchner, Pascal"]
[Black "Burkhardt, Holger"]
[Result "1-0"]
[WhiteElo "2230"]
[BlackElo "1987"]
[PlyCount "25"]
[EventDate "2021.??.??"]
[WhiteTeam "SK Gründau"]
[BlackTeam "SK Gießen"]

{[%evp 0,25,18,13,83,75,75,81,85,50,62,56,49,20,17,29,29,51,50,53,65,66,49,48,
74,54,270,266]} 1. d4 d6 2. e4 Nf6 3. Nc3 e5 4. Nf3 exd4 5. Nxd4 Be7 {[%emt 0:
00:08]} 6. g3 O-O 7. Bg2 c6 8. O-O Re8 9. h3 Bf8 10. Re1 a5 11. g4 a4 12. a3
Nbd7 {[%emt 0:03:43]} 13. g5 {[%emt 0:00:25]} 1-0

[Event "Sparkassen-Open A"]
[Site "Heusenstamm, Martinsee"]
[Date "2021.11.20"]
[Round "5.16"]
[White "Hommer, Jeremy"]
[Black "Buchholz, Maja"]
[Result "1-0"]
[WhiteElo "2171"]
[BlackElo "1930"]
[PlyCount "49"]
[EventDate "2021.??.??"]
[WhiteTeam "Hamburger SK"]
[BlackTeam "SK Langen"]

{[%evp 0,30,18,18,31,31,25,-2,34,-1,0,0,0,0,0,0,0,49,49,29,23,35,146,146,158,
158,316,314,304,317,352,357,368]} 1. d4 Nf6 {[%emt 0:00:04]} 2. Bf4 c5 3. e3
Qb6 4. Na3 Qxb2 5. Nb5 Nd5 6. a3 a6 7. Rb1 Qa2 8. Qc1 axb5 9. Ra1 Qxa1 10. Qxa1
e5 11. Bxe5 c4 12. Bxb8 Bxa3 {[%emt 0:03:33]} 13. c3 {[%emt 0:05:58]} Ra6 {
[%emt 0:03:41]} 14. Ne2 {[%emt 0:13:26]} Nb4 {[%emt 0:03:02]} 15. Kd2 {[%emt 0:
11:14]} Nd3 {[%emt 0:01:16]} 16. Qb1 {[%emt 0:04:08]} Bb2 {[%emt 0:03:00]} 17.
Ng3 {[%emt 0:03:27]} Ra3 {[%emt 0:20:52]} 18. Bxd3 {[%emt 0:03:11]} Bxc3+ {
[%emt 0:01:04]} 19. Ke2 {[%emt 0:00:04]} cxd3+ {[%emt 0:02:11]} 20. Qxd3 {
[%emt 0:00:17]} b4 {[%emt 0:00:54]} 21. Bd6 {[%emt 0:00:43]} f6 {[%emt 0:02:03]
} 22. Qc4 {[%emt 0:03:56]} Ra8 {[%emt 0:00:45]} 23. Nf5 {[%emt 0:00:09]} b5 {
[%emt 0:01:07]} 24. Nxg7+ {[%emt 0:00:06]} Kd8 {[%emt 0:00:15]} 25. Qc7# 1-0

[Event "Sparkassen-Open A"]
[Site "Heusenstamm, Martinsee"]
[Date "2021.11.20"]
[Round "5.17"]
[White "Blübaum, Johanna"]
[Black "Klundt, Klaus"]
[Result "0-1"]
[WhiteElo "2046"]
[BlackElo "2307"]
[PlyCount "204"]
[EventDate "2021.??.??"]
[WhiteTeam "SK Marburg"]
[BlackTeam "SC Heusenstamm"]

1. d4 Nf6 2. c4 e6 3. Nc3 d5 4. cxd5 exd5 5. Bg5 c6 6. e3 Be7 7. Bd3 Nbd7 8.
Nge2 O-O 9. Qc2 Re8 10. O-O Nf8 11. Rae1 g6 12. f3 Ne6 13. Bh4 b5 14. Bf2 a6
15. Qd2 c5 16. dxc5 Nxc5 17. Bc2 b4 18. Na4 Nxa4 19. Bxa4 Bd7 20. Bb3 Bb5 21.
Rd1 Bc5 22. Rfe1 Bxe2 23. Rxe2 Qb6 24. Qe1 Rad8 25. Rd3 Rd6 26. Ba4 Re7 27. Bh4
Kg7 28. Kh1 Rde6 29. Bf2 Nh5 30. g3 Nf6 31. Kg2 a5 32. Bb3 Re5 33. Qd2 Qb7 34.
Qc1 Bb6 35. Rc2 Qa7 36. Re2 g5 37. g4 h6 38. Ba4 Rc7 39. Qe1 Rce7 40. h3 Qb7
41. Bg3 R5e6 42. Bd1 Nd7 43. Bc2 Ne5 44. Bxe5+ Rxe5 45. Bb3 Qa7 46. Bxd5 Rxe3
47. Rdxe3 Rxe3 48. Rxe3 Bxe3 49. Qe2 Qd4 50. Be4 Bc1 51. b3 Bf4 52. Qf2 Qa1 53.
Bf5 Be5 54. Qc2 Qe1 55. Qf2 Qc3 56. Be4 Bd4 57. Qe2 Qc1 58. h4 gxh4 59. Kh3 Be5
60. Qg2 Qe1 61. Bf5 Kf6 62. Be4 Kg5 63. Bf5 f6 64. Be4 Kf4 65. Bd5 Qg3+ 66.
Qxg3+ hxg3 67. Be4 Ke3 68. Kg2 Bf4 69. Bf5 Kd2 70. Bd7 Kc3 71. Ba4 Kb2 72. Kh3
Kxa2 73. Kg2 Kb2 74. Kh3 Kc3 75. Kg2 Kd4 76. Kh3 Ke3 77. Kg2 Be5 78. Bc6 Kf4
79. Bd7 Kg5 80. Bc6 f5 81. gxf5 Kxf5 82. Ba4 Kf4 83. Bc6 Ke3 84. Ba4 Bf4 85.
Be8 Kd2 86. Kh3 Ke3 87. Kg2 Bc7 88. Bh5 Kd4 89. Bf7 Kc3 90. Be6 h5 91. Kh3 h4
92. Bd5 Kd4 93. Be6 Ke3 94. Kg2 Ke2 95. Bc4+ Ke1 96. Be6 a4 97. bxa4 b3 98. f4
b2 99. Bf5 Bxf4 100. a5 h3+ 101. Kxh3 Kf2 102. a6 g2 0-1

[Event "Sparkassen-Open A"]
[Site "Heusenstamm, Martinsee"]
[Date "2021.11.20"]
[Round "5.18"]
[White "Hahn, Markus"]
[Black "Calvi, Stefan"]
[Result "1-0"]
[WhiteElo "2264"]
[BlackElo "2053"]
[PlyCount "53"]
[EventDate "2021.??.??"]
[WhiteTeam "SVG Caissa Kassel"]
[BlackTeam "SF Frankfurt"]

1. d4 Nf6 2. c4 e6 3. Nf3 c5 4. d5 exd5 5. cxd5 d6 6. Nc3 g6 7. h3 Bg7 8. e4
O-O 9. Bd3 a6 10. a4 Nbd7 11. Bf4 Ne8 12. Qd2 Ne5 13. Nxe5 dxe5 14. Be3 Qa5 15.
Nd1 Qxd2+ 16. Kxd2 c4 17. Bxc4 Nd6 18. Bd3 Re8 19. Rb1 Bd7 20. b3 Bf8 21. f3 b5
22. a5 Rec8 23. g4 Nb7 24. b4 Nd6 25. Bc5 Nc4+ 26. Bxc4 Bxc5 27. bxc5 1-0

[Event "Sparkassen-Open A"]
[Site "Heusenstamm, Martinsee"]
[Date "2021.11.20"]
[Round "5.19"]
[White "Bashylina, Luisa"]
[Black "Asadzade, Idris"]
[Result "1/2-1/2"]
[WhiteElo "1916"]
[BlackElo "2228"]
[PlyCount "37"]
[EventDate "2021.??.??"]
[WhiteTeam "SG Solingen"]
[BlackTeam "SG Solingen"]

1. d4 d5 2. c4 e6 3. Nc3 Nf6 4. cxd5 exd5 5. Bg5 Be6 6. e3 Nbd7 7. Bd3 c6 8.
Qc2 h6 9. Bh4 g5 10. Bg3 Nh5 11. Nf3 Nxg3 12. hxg3 Bg7 13. b4 a5 14. Rb1 axb4
15. Rxb4 b5 16. O-O Qa5 17. Rfb1 Rg8 18. a4 bxa4 19. Nxa4 1/2-1/2

[Event "Sparkassen-Open A"]
[Site "Heusenstamm, Martinsee"]
[Date "2021.11.20"]
[Round "5.20"]
[White "Ohler, Julius"]
[Black "Poysti, Nathanael"]
[Result "1/2-1/2"]
[WhiteElo "2006"]
[BlackElo "2192"]
[PlyCount "98"]
[EventDate "2021.??.??"]
[WhiteTeam "SC ML Kastellaun"]
[BlackTeam "Wien"]

1. c4 c5 2. Nc3 Nc6 3. g3 g6 4. Bg2 Bg7 5. d3 d6 6. e4 e5 7. Nge2 Nge7 8. O-O
O-O 9. Be3 Be6 10. a3 Qd7 11. Qd2 Nd4 12. Rab1 Rae8 13. b4 b6 14. bxc5 dxc5 15.
Nd5 Nec6 16. Nxd4 cxd4 17. Bh6 Qd6 18. Bxg7 Kxg7 19. f4 f6 20. f5 Bxd5 21. exd5
Na5 22. Qb4 Nb7 23. g4 g5 24. Be4 Rc8 25. Qa4 Ra8 26. Rf2 Rfc8 27. Rfb2 Nc5 28.
Qb4 Qd7 29. h4 h6 30. Qe1 Na4 31. Rb4 Rc5 32. Kg2 Nc3 33. R1b3 Rac8 34. a4 Nxa4
35. Qa1 Nc3 36. Ra3 a5 37. Rxb6 Nxe4 38. dxe4 Rxc4 39. Qb1 Rc2+ 40. Kh3 Rc1 41.
Rb7 R8c7 42. Qxc1 Rxb7 43. Rxa5 Rb3+ 44. Kh2 Rc3 45. Qa1 Rc2+ 46. Kg3 d3 47. d6
Qxd6 48. Rd5 Qc7 49. Rxd3 Rc4 1/2-1/2

[Event "Sparkassen-Open A"]
[Site "Heusenstamm, Martinsee"]
[Date "2021.11.20"]
[Round "5.21"]
[White "Chandler, Patrick"]
[Black "Schmidbauer, Frank"]
[Result "1-0"]
[WhiteElo "2176"]
[BlackElo "2044"]
[PlyCount "95"]
[EventDate "2021.??.??"]
[WhiteTeam "SV Oberursel"]
[BlackTeam "SV Wollishofen Zuerich"]

1. e4 d6 2. d4 Nf6 3. Nc3 e5 4. Nf3 Nbd7 5. Bc4 Be7 6. O-O O-O 7. a4 c6 8. a5
Rb8 9. Re1 b5 10. axb6 axb6 11. d5 cxd5 12. Nxd5 Nxd5 13. Bxd5 Nf6 14. Bb3 Bb7
15. Qd3 Ra8 16. Rxa8 Qxa8 17. Nd2 Nd7 18. Bc4 Nc5 19. Qe2 Nxe4 20. Nxe4 d5 21.
Ng3 dxc4 22. Bh6 gxh6 23. Qxe5 f6 24. Qxe7 Rf7 25. Qe8+ Qxe8 26. Rxe8+ Kg7 27.
Nf5+ Kg6 28. g4 Rd7 29. Rg8+ Kf7 30. Rg7+ Ke6 31. Rxd7 Kxd7 32. Ne3 b5 33. f4
Kd6 34. Kf2 Kc5 35. c3 b4 36. Nc2 bxc3 37. bxc3 Be4 38. Nd4 Bg6 39. Ke3 Kd5 40.
f5 Bf7 41. Kf4 h5 42. g5 fxg5+ 43. Kxg5 Ke4 44. Kf6 Bg8 45. Kg7 Bd5 46. f6 Kd3
47. Nb5 Ke3 48. Nc7 1-0

[Event "Sparkassen-Open A"]
[Site "Heusenstamm, Martinsee"]
[Date "2021.11.20"]
[Round "5.22"]
[White "Ochs, Daniel Elias"]
[Black "Adocchio, Giampiero"]
[Result "1/2-1/2"]
[WhiteElo "1966"]
[BlackElo "2168"]
[PlyCount "95"]
[EventDate "2021.??.??"]
[WhiteTeam "Wiesbadener SV"]
[BlackTeam "Mosbacher SC"]

1. d4 d5 2. c4 c6 3. Nf3 Nf6 4. Qb3 dxc4 5. Qxc4 Bf5 6. g3 e6 7. Bg2 Be7 8. O-O
O-O 9. Nc3 Nbd7 10. Re1 Ne4 11. Qb3 Qb6 12. Nh4 Bxh4 13. Nxe4 Qxb3 14. axb3 Be7
15. Bd2 Rfd8 16. Ba5 Re8 17. Bc3 Bf8 18. b4 e5 19. dxe5 Nxe5 20. Nc5 Bxc5 21.
bxc5 Nd7 22. b4 a6 23. e4 Be6 24. Bd4 f6 25. f4 Rad8 26. Bf2 Nf8 27. Rad1 Bb3
28. Rd6 Kf7 29. Rb1 Bc2 30. Re1 f5 31. e5 Ne6 32. Re2 Bb3 33. Red2 h6 34. Bf3
g6 35. Kf1 Ke7 36. Ke2 g5 37. Be3 g4 38. Bg2 h5 39. h4 Bc4+ 40. Kd1 Bb5 41. Kc2
Kf7 42. Bd4 Ke7 43. Bc3 Kf7 44. Kd1 Ke7 45. Ke1 Kf7 46. Kf2 Ke7 47. Ke3 Kf7 48.
Bh1 1/2-1/2

[Event "Sparkassen-Open A"]
[Site "Heusenstamm, Martinsee"]
[Date "2021.11.20"]
[Round "5.23"]
[White "Kather, Yannick"]
[Black "Poschadel, Andreas Gregor"]
[Result "1/2-1/2"]
[WhiteElo "2147"]
[BlackElo "1906"]
[PlyCount "55"]
[EventDate "2021.??.??"]
[WhiteTeam "SW Lichtenrade"]
[BlackTeam "Hamelner SV"]

1. e4 c6 2. d4 d5 3. Nd2 dxe4 4. Nxe4 Nf6 5. Nxf6+ exf6 6. c3 Bd6 7. Bd3 Na6 8.
Ne2 Nc7 9. O-O O-O 10. Bf4 Nd5 11. Bg3 Qc7 12. c4 Nf4 13. c5 Nxe2+ 14. Qxe2
Bxg3 15. fxg3 Qd8 16. Qe4 f5 17. Qf4 g6 18. Rad1 Be6 19. b3 h5 20. Be2 Re8 21.
Bf3 Bd5 22. h3 Qd7 23. Rfe1 Rxe1+ 24. Rxe1 Bxf3 25. gxf3 Rd8 26. Rd1 Rc8 27.
Kf2 Qe7 28. Qd2 1/2-1/2

[Event "Sparkassen-Open A"]
[Site "Heusenstamm, Martinsee"]
[Date "2021.11.20"]
[Round "5.24"]
[White "Hagner, Bennet"]
[Black "Benninger, Rudolf"]
[Result "1-0"]
[WhiteElo "2096"]
[BlackElo "2008"]
[PlyCount "75"]
[EventDate "2021.??.??"]
[WhiteTeam "Frankfurter TV"]
[BlackTeam "SC Heusenstamm"]

1. e4 g6 2. d4 Bg7 3. Nc3 c5 4. Nf3 Qa5 5. Be3 Nf6 6. Qd3 Nc6 7. O-O-O O-O 8.
d5 Nb4 9. Qc4 d6 10. a3 Na6 11. h3 Nd7 12. Bd2 Nb6 13. Qb3 c4 14. Bxc4 Nc5 15.
Qa2 Nxc4 16. Qxc4 Bd7 17. e5 Rac8 18. Qf4 Na4 19. Qb4 Qc7 20. Rhe1 dxe5 21. Ng5
Nxc3 22. Bxc3 Bh6 23. Qh4 Bxg5+ 24. Qxg5 f6 25. Qe3 b6 26. f4 exf4 27. Qxe7
Rce8 28. Qb4 Rxe1 29. Rxe1 a5 30. Qd4 g5 31. h4 Qc5 32. Qd3 Re8 33. Rxe8+ Bxe8
34. Qd1 Bd7 35. hxg5 fxg5 36. Kb1 Bf5 37. Qh5 Qxd5 38. Qe8# 1-0

[Event "Sparkassen-Open A"]
[Site "Heusenstamm, Martinsee"]
[Date "2021.11.20"]
[Round "5.25"]
[White "Stork, Christopher"]
[Black "Steinle, Carsten"]
[Result "1-0"]
[WhiteElo "1959"]
[BlackElo "2117"]
[PlyCount "75"]
[EventDate "2021.??.??"]
[WhiteTeam "SV Oberursel"]
[BlackTeam "SV Ahlen"]

1. e4 c6 2. d4 g6 3. Nf3 Bg7 4. Bd3 d5 5. e5 Na6 6. c3 Nc7 7. O-O Nh6 8. Re1
O-O 9. Nbd2 Bf5 10. Nf1 Qd7 11. Ng3 Bxd3 12. Qxd3 Rae8 13. Bd2 Ne6 14. Re2 c5
15. Rae1 c4 16. Qc2 f6 17. h4 f5 18. h5 Rc8 19. Nh4 Qe8 20. f4 Ng4 21. hxg6
hxg6 22. Nf1 Kh7 23. g3 Rh8 24. Ne3 Nxe3 25. Bxe3 Kg8 26. Rh2 Nf8 27. Kg2 Kf7
28. Reh1 Qd7 29. Bc1 Rh5 30. Qe2 Ne6 31. Nxg6 Rxh2+ 32. Rxh2 Nf8 33. Nxf8 Kxf8
34. e6 Qe8 35. Rh5 Qg6 36. Rg5 Qf6 37. g4 fxg4 38. Qxg4 1-0

[Event "Sparkassen-Open A"]
[Site "Heusenstamm, Martinsee"]
[Date "2021.11.20"]
[Round "5.26"]
[White "van den Hoff, Damian"]
[Black "Gebhardt, Ulrich"]
[Result "0-1"]
[WhiteElo "1879"]
[BlackElo "2093"]
[PlyCount "190"]
[EventDate "2021.??.??"]
[WhiteTeam "VL Niederlande"]
[BlackTeam "SK Ettlingen"]

1. e4 e5 2. Nf3 Nc6 3. Bc4 Nf6 4. d3 Be7 5. c3 O-O 6. O-O d5 7. exd5 Nxd5 8.
Re1 Bf6 9. Nbd2 Nb6 10. Bb5 Re8 11. Ne4 Bd7 12. Bg5 Bxg5 13. Nfxg5 h6 14. Nf3
a6 15. Bxc6 Bxc6 16. Ng3 Qf6 17. Nd2 Rad8 18. Qc2 Qg6 19. Nge4 Nd5 20. g3 Qh5
21. f3 f5 22. Nf2 f4 23. g4 Qh4 24. Nc4 b5 25. Nxe5 Ne3 26. Rxe3 fxe3 27. Nxc6
Qxf2+ 28. Qxf2 exf2+ 29. Kxf2 Rxd3 30. a4 Rd2+ 31. Kg3 g5 32. axb5 Ree2 33. Rh1
Rg2+ 34. Kh3 axb5 35. b4 Rge2 36. Nd4 Re3 37. Kg3 Rxc3 38. Nxb5 Rc4 39. h4 Rd5
40. Na7 Kg7 41. hxg5 hxg5 42. Re1 Kf6 43. Rb1 Rd2 44. Nb5 Rcc2 45. Rh1 c6 46.
Na3 Ra2 47. Nc4 Rg2+ 48. Kh3 Rgc2 49. Nd6 Rab2 50. Kg3 Rxb4 51. Rh6+ Kg7 52.
Nf5+ Kf8 53. Rf6+ Ke8 54. Rg6 c5 55. Rxg5 c4 56. Nd4 Rd2 57. Re5+ Kd7 58. Rd5+
Kc8 59. Rc5+ Kb7 60. Nf5 Rd1 61. Ne3 Rd4 62. g5 Kb6 63. Re5 Rb5 64. Re6+ Kc7
65. f4 c3 66. g6 Kd7 67. f5 Rd2 68. Re4 c2 69. Rc4 Rd3 70. Kf4 Rb4 71. Rxb4
c1=Q 72. Re4 Qg1 73. Ng4 Rd4 74. Nf6+ Kd8 75. Ke5 Rxe4+ 76. Nxe4 Ke8 77. Ke6
Qe3 78. Ke5 Kf8 79. f6 Qh6 80. g7+ Kg8 81. Nd6 Qg5+ 82. Ke6 Qe3+ 83. Kf5 Qe2
84. Ne4 Qc2 85. Ke5 Qb2+ 86. Kf5 Qd4 87. Ng5 Qd3+ 88. Ke5 Qb5+ 89. Kf4 Qd5 90.
Ne4 Kf7 91. Kf3 Kg6 92. Kf4 Qe6 93. Kg3 Kf5 94. f7 Qg6+ 95. Ng5 Qxg5+ 0-1

[Event "Sparkassen-Open A"]
[Site "Heusenstamm, Martinsee"]
[Date "2021.11.20"]
[Round "5.27"]
[White "Schmidt, Markus"]
[Black "Stumpf, Daniel"]
[Result "1-0"]
[WhiteElo "2089"]
[BlackElo "1931"]
[PlyCount "97"]
[EventDate "2021.??.??"]
[WhiteTeam "SK Niederbrechen"]
[BlackTeam "SW Lichtenrade"]

1. Nf3 c5 2. c4 g6 3. g3 Bg7 4. Bg2 Nc6 5. O-O e6 6. Nc3 Nge7 7. d4 cxd4 8. Nb5
O-O 9. Nbxd4 d5 10. cxd5 Nxd5 11. Nxc6 bxc6 12. Qc2 Qb6 13. a3 Ba6 14. Rd1 Rfd8
15. Rb1 Rab8 16. Bg5 f6 17. Bc1 Kf7 18. Re1 Bf8 19. e4 Nb4 20. axb4 Bd3 21. Qa4
Bxb4 22. Be3 Qb5 23. Qxb5 cxb5 24. Bxa7 Bxb1 25. Rxb1 Rb7 26. Be3 Rbd7 27. e5
Rd1+ 28. Rxd1 Rxd1+ 29. Bf1 fxe5 30. Nxe5+ Kf6 31. Nd3 Bd6 32. Kg2 e5 33. Be2
Rb1 34. Bf3 h5 35. h4 Ra1 36. Be4 Ra4 37. Kf3 b4 38. b3 Ra3 39. Bd5 Ra5 40. Bc4
Kf5 41. Nc1 e4+ 42. Ke2 Be5 43. Kf1 Bf6 44. Ne2 Ra1+ 45. Kg2 Rd1 46. Nf4 Be5
47. Nd5 Bd6 48. Bg5 Ra1 49. Ne3+ 1-0

[Event "Sparkassen-Open A"]
[Site "Heusenstamm, Martinsee"]
[Date "2021.11.20"]
[Round "5.28"]
[White "Rose, Daniel"]
[Black "Steudel, Max"]
[Result "1/2-1/2"]
[WhiteElo "1842"]
[BlackElo "2052"]
[PlyCount "153"]
[EventDate "2021.??.??"]
[WhiteTeam "Königsjäger Süd-West"]
[BlackTeam "SC Brett vorm Kopp"]

1. d4 d5 2. c4 c6 3. cxd5 cxd5 4. Nc3 Nf6 5. Bf4 Nc6 6. e3 a6 7. Bd3 Bg4 8. f3
Bh5 9. Nge2 e6 10. a3 Bd6 11. Bxd6 Qxd6 12. O-O O-O 13. Rb1 Bg6 14. b4 e5 15.
Bxg6 hxg6 16. Na4 Rfe8 17. Re1 Re7 18. Qd2 Rae8 19. Nc5 exd4 20. Nxd4 Ne5 21.
Nc2 Nc4 22. Qd4 b5 23. a4 bxa4 24. Ra1 Nd7 25. Nxa4 Qc6 26. Nc3 Nf6 27. b5 axb5
28. Nb4 Qb7 29. Ncxd5 Nxd5 30. Nxd5 Rd7 31. e4 Rb8 32. Reb1 Qc6 33. Ra7 Rxa7
34. Qxa7 Qb7 35. Qc5 Kh7 36. Nc3 Rc8 37. Rxb5 Qa6 38. Qd4 Na3 39. Rd5 Nc2 40.
Qd3 Qa1+ 41. Nd1 Qa7+ 42. Kh1 Nb4 43. Qd4 Qxd4 44. Rxd4 Rc1 45. Kg1 Nc2 46. Rd3
Ne3 47. Rxe3 Rxd1+ 48. Kf2 g5 49. Rc3 Rd2+ 50. Kg3 Re2 51. Rc1 Kg6 52. Rg1 f6
53. h4 gxh4+ 54. Kxh4 f5 55. exf5+ Kxf5 56. Kg3 g5 57. Rd1 Re5 58. Kf2 g4 59.
Rd4 gxf3 60. gxf3 Ra5 61. Kg3 Kg5 62. Rg4+ Kf5 63. Rh4 Kg5 64. f4+ Kg6 65. Kg4
Ra1 66. f5+ Kf6 67. Rh6+ Kf7 68. Rh3 Kf6 69. Rf3 Ra4+ 70. Rf4 Rxf4+ 71. Kxf4
Kf7 72. Ke5 Ke7 73. f6+ Kf7 74. Kf5 Kf8 75. Kg6 Kg8 76. f7+ Kf8 77. Kf6 1/2-1/2

[Event "Sparkassen-Open A"]
[Site "Heusenstamm, Martinsee"]
[Date "2021.11.20"]
[Round "5.29"]
[White "Gramb, Marius"]
[Black "Makilla, Tobias"]
[Result "1-0"]
[WhiteElo "2131"]
[BlackElo "1924"]
[PlyCount "111"]
[EventDate "2021.??.??"]
[WhiteTeam "Brühler SK"]
[BlackTeam "SC Hattersheim"]

1. d4 g6 2. e4 Bg7 3. Nc3 d6 4. Be3 a6 5. a4 Nc6 6. h3 e5 7. d5 Nce7 8. g4 f5
9. gxf5 gxf5 10. Qh5+ Kf8 11. Bg5 Nf6 12. Bxf6 Bxf6 13. Bd3 c6 14. dxc6 bxc6
15. Nf3 Qe8 16. Qh6+ Kf7 17. Bc4+ d5 18. exd5 cxd5 19. Nxd5 Nxd5 20. Bxd5+ Be6
21. Qh5+ Ke7 22. Qxe8+ Raxe8 23. Bxe6 Kxe6 24. O-O-O Rb8 25. Rhe1 Rb4 26. Nd4+
Kf7 27. Nxf5 Rxa4 28. c3 Rf4 29. Nd6+ Ke6 30. Ne4 Bh4 31. Rd6+ Ke7 32. Rxa6 h5
33. Kb1 Rhf8 34. Rh6 R8f5 35. Ng3 Bxg3 36. fxg3 Rf2 37. g4 hxg4 38. hxg4 Rg5
39. Rh5 Rxg4 40. Rhxe5+ Kd6 41. R5e2 Rf3 42. Rd1+ Kc5 43. Re5+ Kc6 44. Rh1 Rg6
45. Ra5 Kb6 46. Rhh5 Rg1+ 47. Ka2 Rg2 48. Rag5 Rxg5 49. Rxg5 Rh3 50. Ka3 Rh2
51. b3 Rh3 52. c4 Rh4 53. Kb4 Rh3 54. Rg6+ Kc7 55. Ka4 Rh4 56. Kb5 1-0

[Event "Sparkassen-Open A"]
[Site "Heusenstamm, Martinsee"]
[Date "2021.11.20"]
[Round "5.30"]
[White "Wolf, Ulrich Martin"]
[Black "Kürschner, Matthias"]
[Result "1-0"]
[WhiteElo "2152"]
[BlackElo "1978"]
[PlyCount "65"]
[EventDate "2021.??.??"]
[WhiteTeam "SC Hansa Dortmund"]
[BlackTeam "SK Langen"]

1. d4 d5 2. c4 dxc4 3. e4 e5 4. d5 Nf6 5. Nc3 Bd6 6. Bxc4 Nbd7 7. Nge2 Nc5 8.
Ng3 a5 9. Qc2 O-O 10. f3 Ne8 11. Be3 Be7 12. Bb5 b6 13. O-O Ba6 14. Nf5 Bd6 15.
Rfd1 Bxb5 16. Nxb5 Na6 17. Nfxd6 Nxd6 18. Qe2 f5 19. exf5 Rxf5 20. Nc3 Rf8 21.
Rac1 Re8 22. Ne4 Nf5 23. Bf2 h6 24. a3 Nd6 25. Rc6 Nxe4 26. Qxe4 Nb8 27. Rg6
Nd7 28. Bh4 Nc5 29. Rxg7+ Kxg7 30. Qg4+ Kh8 31. Bxd8 Raxd8 32. Qg6 Re7 33. Qf6+
1-0

[Event "Sparkassen-Open A"]
[Site "Heusenstamm, Martinsee"]
[Date "2021.11.20"]
[Round "5.31"]
[White "Iliev, Mustafa Batuhan"]
[Black "Niebler, Paul"]
[Result "1-0"]
[WhiteElo "2089"]
[BlackElo "1956"]
[PlyCount "53"]
[EventDate "2021.??.??"]
[WhiteTeam "SV Großauheim"]
[BlackTeam "VL Frankfurt"]

1. e4 c5 2. Nf3 e6 3. d4 cxd4 4. Nxd4 a6 5. c4 Nf6 6. Nc3 Qc7 7. Be3 b6 8. Bd3
Bb7 9. O-O Be7 10. Rc1 d6 11. f4 Nbd7 12. Qf3 Rd8 13. Rfe1 Qb8 14. Bf2 Qa8 15.
Qh3 Nc5 16. Bb1 Ncxe4 17. Nxe4 Nxe4 18. Bxe4 Bxe4 19. Nxe6 Rc8 20. Nxg7+ Kf8
21. Qh6 Rg8 22. Bd4 Qc6 23. Rc3 d5 24. cxd5 Qxh6 25. Rxc8+ Bd8 26. Rxd8+ Ke7
27. Rxg8 1-0

[Event "Sparkassen-Open A"]
[Site "Heusenstamm, Martinsee"]
[Date "2021.11.20"]
[Round "5.32"]
[White "Pietzsch, Manuel"]
[Black "Plum, Paul"]
[Result "1-0"]
[WhiteElo "2137"]
[BlackElo "1851"]
[PlyCount "83"]
[EventDate "2021.??.??"]
[WhiteTeam "SG Leipzig"]
[BlackTeam "SV Koblenz"]

1. e4 e5 2. Nf3 Nc6 3. Bb5 Nf6 4. Qe2 d6 5. c3 Be7 6. O-O Bg4 7. h3 Bh5 8. d3
O-O 9. Rd1 a6 10. Ba4 Bg6 11. Nbd2 Nd7 12. g4 Nc5 13. Bc2 Ne6 14. Nf1 Ng5 15.
Nxg5 Bxg5 16. Ng3 Bxc1 17. Raxc1 Qg5 18. Qe3 Qf6 19. Bb3 Nd8 20. g5 Qe7 21. h4
h6 22. h5 Bxh5 23. Nxh5 hxg5 24. Kg2 Ne6 25. Rh1 g6 26. Bxe6 fxe6 27. Ng3 Rf7
28. Rh6 Raf8 29. Rch1 Rxf2+ 30. Kg1 Qf6 31. Rh8+ Qxh8 32. Rxh8+ Kxh8 33. Qxf2
Rxf2 34. Kxf2 Kg7 35. Kf3 d5 36. Kg4 Kf6 37. Ne2 b5 38. b4 d4 39. cxd4 exd4 40.
Nxd4 Ke5 41. Nf3+ Kd6 42. d4 1-0

[Event "Sparkassen-Open A"]
[Site "Heusenstamm, Martinsee"]
[Date "2021.11.20"]
[Round "5.33"]
[White "Woestmann, Ulrich"]
[Black "Haack, Kevin"]
[Result "1/2-1/2"]
[WhiteElo "2000"]
[BlackElo "2100"]
[PlyCount "83"]
[EventDate "2021.??.??"]
[WhiteTeam "SV Ahlen"]
[BlackTeam "SV Hofheim"]

1. e4 c5 2. Nc3 Nc6 3. g3 g6 4. Bg2 Bg7 5. d3 e6 6. f4 Nge7 7. Nf3 d6 8. Be3 b5
9. e5 Nd5 10. Nxd5 exd5 11. d4 O-O 12. O-O c4 13. c3 Bf5 14. Nh4 Bd3 15. Rf2
dxe5 16. fxe5 f6 17. exf6 Bxf6 18. Bh6 Rf7 19. Qf3 Be4 20. Qf4 Bxg2 21. Kxg2
Qe7 22. Raf1 Re8 23. Bg5 Ref8 24. Bxf6 Rxf6 25. Qd2 Qe4+ 26. Kg1 Rxf2 27. Rxf2
Re8 28. a3 a5 29. Qf4 Qxf4 30. gxf4 b4 31. axb4 axb4 32. f5 Re4 33. Ng2 gxf5
34. Rxf5 Re2 35. Rf2 Nxd4 36. Nf4 Re1+ 37. Kg2 bxc3 38. bxc3 Nb5 39. Nxd5 Re5
40. Nb6 Rg5+ 41. Kf3 Nxc3 42. Rg2 1/2-1/2

[Event "Sparkassen-Open A"]
[Site "Heusenstamm, Martinsee"]
[Date "2021.11.20"]
[Round "5.34"]
[White "Spilles, Matthias"]
[Black "Hoppstädter, Daniel"]
[Result "1-0"]
[WhiteElo "2088"]
[BlackElo "1760"]
[PlyCount "105"]
[EventDate "2021.??.??"]
[WhiteTeam "Brühler SK"]
[BlackTeam "SC Illingen"]

1. e4 c5 2. Nc3 Nc6 3. Nf3 g6 4. d4 cxd4 5. Nxd4 Bg7 6. Be3 d6 7. Bc4 Nf6 8. h3
O-O 9. O-O Bd7 10. Bb3 Nxd4 11. Bxd4 Bc6 12. f4 Qa5 13. Qd3 Rad8 14. f5 Nd7 15.
Rf2 Bxd4 16. Qxd4 Qe5 17. Qxe5 Nxe5 18. f6 e6 19. Rd1 Rd7 20. Rfd2 Rfd8 21. Kf2
h6 22. Ke3 Kh7 23. Ne2 g5 24. c4 Kg6 25. Rf1 h5 26. Rd4 h4 27. Bc2 Rc7 28. b3
Be8 29. a4 Rc6 30. Rd2 a5 31. Nd4 Rb6 32. c5 dxc5 33. Nf3 Nc6 34. e5+ Kh6 35.
Rxd8 Nxd8 36. Rd1 Nc6 37. Rd6 Ra6 38. Nd2 Ra8 39. Nc4 Nd4 40. Be4 Bc6 41. Bxc6
bxc6 42. Rd7 Kg6 43. Nd6 Nf5+ 44. Kd3 Nxd6 45. exd6 Kxf6 46. Kc4 Ke5 47. Kxc5
Rb8 48. Rxf7 Rxb3 49. Rf3 Rb2 50. Rd3 Rb8 51. d7 Rd8 52. Kxc6 Ke4 53. Kc7 1-0